Elektronické riadenie vznetového motora
Uložené v:
| Hlavný autor: | |
|---|---|
| Ďalší autori: | |
| Médium: | Rukopis Kniha |
| Jazyk: | Slovak |
| Vydavateľské údaje: |
2016
|
| Predmet: | |
| On-line prístup: | http://is.stuba.sk/zp/portal_zp.pl?podrobnosti=125309 |
| Tagy: |
Žiadne tagy, Buďte prvý, kto otaguje tento záznam!
|
MARC
| LEADER | 00000ntm a22000003a 4500 | ||
|---|---|---|---|
| 001 | stuzp54711 | ||
| 003 | SK-STU | ||
| 005 | 20160720104635.5 | ||
| 007 | ta | ||
| 008 | 150427s2015----xo-----f-mn---000-0-slo-d | ||
| 040 | |a STU |b slo | ||
| 041 | 0 | |a slo | |
| 044 | |a xo | ||
| 100 | 1 | |a Sány, Michal |u 030400 |4 aut |U FEI Fakulta elektrotechniky a informatiky |T FEI Ústav automobilovej mechatroniky |X 72714 |U E400 |Y 642 |7 72714 | |
| 242 | 0 | 1 | |a Electronic control of diesl engine |y eng |
| 245 | 1 | 0 | |a Elektronické riadenie vznetového motora |
| 260 | |c 2016 | ||
| 300 | |a 68 s., |b CD-ROM | ||
| 650 | 4 | |a Unit Injection System |2 eng | |
| 650 | 4 | |a air |2 eng | |
| 650 | 4 | |a fuel |2 eng | |
| 650 | 4 | |a vzduch |2 slo | |
| 650 | 4 | |a čerpadlo-tryska |2 slo | |
| 650 | 4 | |a palivo |2 slo | |
| 700 | 1 | |a Bucz, Štefan |4 ths |X 17719 |7 A000017719 | |
| 856 | 4 | |u http://is.stuba.sk/zp/portal_zp.pl?podrobnosti=125309 | |
| 996 | |b 284ER02019 |c E*Bc- 2019 |l EE30 |s P |a 0 |w stuzp54711_0001 | ||
| SQL | |a stuzp54711 |b DBP |c SLO |d Elektronické riadenie vznetového motora |e 72714 |f Sány, Michal |g 030400 |h 17719 |i Bucz, Štefan |j 20160706 |k 1146 |l 03 |m http://is.stuba.sk/zp/portal_zp.pl?podrobnosti=125309 |n B-AM |o 5.2.16. mechatronika | ||